[Event "SR 2. liga A 2002/2003"]
[Site "?"]
[Date "2002.11.09"]
[Round "3.5"]
[White "Srna, Jan"]
[Black "Gasa, Andrej"]
[Result "0-1"]
[WhiteElo "2073"]
[BlackElo "2151"]
[PlyCount "90"]
[EventDate "2002.??.??"]

1. d4 Nf6 2. h4 d5 3. Bf4 c5 4. e3 Nc6 5. c3 Qb6 6. Qb3 Qxb3 7. axb3 Bd7 8. Nf3
e6 9. Na3 Be7 10. Bd3 O-O 11. Nb5 Ne8 12. g4 a6 13. dxc5 Bxc5 14. b4 Be7 15.
Nbd4 f6 16. Nxc6 bxc6 17. Rxa6 Rxa6 18. Bxa6 e5 19. Bg3 Nd6 20. O-O Ra8 21. Be2
Bxg4 22. Kg2 Ra2 23. Rc1 Rxb2 24. Bf1 Nf5 25. Re1 Rc2 26. Nh2 Nxg3 27. Kxg3 Be6
28. b5 cxb5 29. Bxb5 Rxc3 30. Nf3 Kf7 31. Ra1 d4 32. e4 Bb3 33. Ra8 Bd1 34.
Be8+ Ke6 35. Ra6+ Bd6 36. Ra7 Bc7 37. Bh5 g6 38. Bg4+ f5 39. Rxc7 fxg4 40. Rxc3
dxc3 41. Ne1 Bf3 42. Nd3 Bxe4 43. Nc5+ Kd5 44. Nb3 Kc4 45. Nc1 Bf3 0-1

[Event "SR 2. liga A 2002/2003"]
[Site "?"]
[Date "2002.11.09"]
[Round "3.5"]
[White "Syrovy, Ivan"]
[Black "Kovarik, Oto"]
[Result "1/2-1/2"]
[WhiteElo "2066"]
[BlackElo "2103"]
[PlyCount "119"]
[EventDate "2002.??.??"]

1. e4 c5 2. Nf3 d6 3. Bc4 e6 4. Qe2 a6 5. a4 Nc6 6. c3 Nf6 7. Bb3 Be7 8. d4
cxd4 9. cxd4 Qb6 10. Qd3 Nxe4 11. Bxe6 Bxe6 12. Qxe4 d5 13. Qd3 Bf6 14. Nc3
Nxd4 15. a5 Nxf3+ 16. Qxf3 Qc6 17. O-O O-O 18. Bd2 b5 19. axb6 Qxb6 20. Nxd5
Bxd5 21. Qxd5 Rfd8 22. Qa5 Qxb2 23. Be3 Qb5 24. Ra2 Qc4 25. Ra4 Rd5 26. Rxc4
Rxa5 27. g3 Ra1 28. Rxa1 Bxa1 29. Kf1 f5 30. Ke2 Bf6 31. Kf3 a5 32. Ra4 Kf7 33.
Bd2 Bd8 34. Kf4 Ke6 35. h4 g6 36. Bc1 Kd5 37. g4 fxg4 38. Kxg4 Kc5 39. h5 Kb5
40. Ra2 Bf6 41. hxg6 hxg6 42. f4 a4 43. f5 g5 44. Bd2 Rg8 45. Ra3 Re8 46. Rd3
Re4+ 47. Kh5 g4 48. Kg6 Rd4 49. Re3 Rd6 50. Be1 Bd4+ 51. Re6 Rxe6+ 52. fxe6 Bc5
53. Kf5 a3 54. Kxg4 Kc4 55. Bh4 a2 56. Bf6 Kd5 57. Kf3 Bd4 58. Bxd4 Kxd4 59. e7
a1=Q 60. e8=Q 1/2-1/2

[Event "SR 2. liga A 2002/2003"]
[Site "?"]
[Date "2002.11.09"]
[Round "3.6"]
[White "Galan, Anton"]
[Black "Godula, Martin"]
[Result "0-1"]
[WhiteElo "1966"]
[BlackElo "1854"]
[PlyCount "70"]
[EventDate "2002.??.??"]

1. e4 d6 2. d4 Nf6 3. Nc3 g6 4. Be2 Bg7 5. Be3 c6 6. g4 b5 7. g5 Nfd7 8. a3 Bb7
9. Bf3 Nb6 10. b3 a6 11. Qd2 Qc7 12. Rd1 N8d7 13. Nge2 Rc8 14. Nb1 c5 15. c3 c4
16. b4 Qb8 17. Bg2 Rd8 18. d5 Qc7 19. f4 Bc8 20. Ng3 Na4 21. h4 h5 22. gxh6
Bxh6 23. h5 gxh5 24. Nf5 Bf8 25. Bf3 Nf6 26. Bxh5 Rxh5 27. Rxh5 Nxh5 28. Nd4
Bd7 29. Qg2 Nf6 30. f5 Rb8 31. Kf2 Kd8 32. Rh1 Kc8 33. Rh8 Kb7 34. Ke1 Nb2 35.
Nd2 Nd3+ {K dispozicii mam iba jeden partiar a ani pri najlepsej voli som
zbytok partie nedokazal zrekonstruovat} 0-1

[Event "SR 2. liga A 2002/2003"]
[Site "?"]
[Date "2002.11.09"]
[Round "3.6"]
[White "Kollarik, Gorazd"]
[Black "Mikulas, Dusan"]
[Result "1/2-1/2"]
[WhiteElo "1820"]
[BlackElo "2154"]
[PlyCount "53"]
[EventDate "2002.??.??"]

1. d4 d5 2. c4 e5 3. dxe5 d4 4. Nf3 Nc6 5. Bg5 Be7 6. Bxe7 Ngxe7 7. e3 Bg4 8.
Be2 dxe3 9. Qxd8+ Rxd8 10. fxe3 O-O 11. Nbd2 Ng6 12. Rd1 Ncxe5 13. h3 Bf5 14.
Nxe5 Nxe5 15. Nf3 Nd3+ 16. Bxd3 Bxd3 17. b3 c5 18. Kf2 Bc2 19. Rxd8 Rxd8 20.
Rc1 Be4 21. Ke2 f6 22. Rd1 Rxd1 23. Kxd1 Kf7 24. Kd2 g5 25. a3 Kg6 26. Ke2 Kh5
27. Kf2 1/2-1/2

[Event "SR 2. liga A 2002/2003"]
[Site "?"]
[Date "2002.11.09"]
[Round "3.6"]
[White "Kruppa, Dominik"]
[Black "Raczko, Peter"]
[Result "0-1"]
[WhiteElo "2092"]
[BlackElo "2002"]
[PlyCount "118"]
[EventDate "2002.??.??"]

1. e4 d6 2. d4 Nf6 3. Nc3 g6 4. f4 Bg7 5. Nf3 c5 6. Bb5+ Bd7 7. e5 Ng4 8. e6
Bxb5 9. exf7+ Kd7 10. Nxb5 Qa5+ 11. Nc3 cxd4 12. Nxd4 Bxd4 13. Qxd4 Nc6 14. Qc4
Qb6 15. Qe2 Nh6 16. a4 Rhf8 17. a5 Qd8 18. Qb5 Qc8 19. Qc4 Nd8 20. Qa4+ Qc6 21.
O-O Qxa4 22. Rxa4 Rxf7 23. Be3 Ng4 24. Bd2 Nc6 25. h3 Nf6 26. Be3 Raf8 27. a6
b6 28. Rf3 Ne8 29. Nb5 Nc7 30. Nxc7 Kxc7 31. Kf2 e5 32. c3 exf4 33. Raxf4 Rxf4
34. Rxf4 Rxf4+ 35. Bxf4 Nb8 36. Kf3 Nxa6 37. Kg4 Nc5 38. Bh2 Ne6 39. h4 Kc6 40.
h5 a5 41. hxg6 hxg6 42. Bg1 b5 43. Kf3 Kd5 44. Bb6 a4 45. Ba5 Kc4 46. Bb4 d5
47. Ke3 d4+ 48. Kd2 d3 49. Bd6 Ng5 50. Ba3 Ne4+ 51. Kc1 Kb3 52. Kd1 Nxc3+ 53.
Kd2 Nb1+ 54. Kxd3 Nxa3 55. bxa3 Kxa3 56. Kc2 b4 57. Kb1 Kb3 58. Ka1 Kc3 59. Kb1
g5 0-1

[Event "SR 2. liga A 2002/2003"]
[Site "?"]
[Date "2002.11.09"]
[Round "3.6"]
[White "Nicolini, Alexander"]
[Black "Sabolik, Frantisek"]
[Result "1-0"]
[WhiteElo "2100"]
[BlackElo "2129"]
[PlyCount "69"]
[EventDate "2002.??.??"]

1. e4 d6 2. d4 g6 3. Nc3 Bg7 4. Nf3 Bg4 5. Be2 Nf6 6. h3 Bd7 7. Bg5 Nc6 8. d5
Ne5 9. Nd2 Bc8 10. f4 Ned7 11. Bf3 O-O 12. O-O c6 13. Kh1 cxd5 14. exd5 Nc5 15.
Re1 Bd7 16. Nb3 Rc8 17. Qd2 b5 18. Nd4 a6 19. b4 Nb7 20. Nc6 Qc7 21. Nxe7+ Kh8
22. Nxc8 Rxc8 23. Ne2 Qc4 24. Qd4 Ng8 25. Qxc4 Rxc4 26. c3 Bxc3 27. Nxc3 Rxc3
28. Rac1 Rc4 29. Rxc4 bxc4 30. Rc1 Bb5 31. a4 Bxa4 32. Rxc4 f6 33. Bh4 Nd8 34.
Rc8 Nf7 35. Bxf6# 1-0

[Event "SR 2. liga A 2002/2003"]
[Site "?"]
[Date "2002.11.09"]
[Round "3.6"]
[White "Samko, Karol"]
[Black "Ac, Alexander"]
[Result "1-0"]
[WhiteElo "1982"]
[BlackElo "2096"]
[PlyCount "65"]
[EventDate "2002.??.??"]

1. e4 e6 2. d3 c5 3. Nf3 d5 4. Nbd2 Nc6 5. g3 Nf6 6. Bg2 Be7 7. O-O O-O 8. Re1
Qc7 9. c3 dxe4 10. dxe4 e5 11. Nf1 Rd8 12. Qe2 b6 13. Bg5 a5 14. Rad1 Rxd1 15.
Rxd1 Ba6 16. Qc2 Rd8 17. Bxf6 Bxf6 18. Ne3 Ne7 19. Ng4 Nc6 20. Nxf6+ gxf6 21.
Rxd8+ Qxd8 22. Qd2 Qd3 23. Qxd3 Bxd3 24. Nd2 Ne7 25. Bf1 Bxf1 26. Kxf1 a4 27.
Nc4 Nc8 28. Ne3 Nd6 29. f3 h5 30. Ke2 Kg7 31. Nf5+ Nxf5 32. exf5 Kh6 33. h4 1-0

[Event "SR 2. liga A 2002/2003"]
[Site "?"]
[Date "2002.11.09"]
[Round "3.6"]
[White "Skapikova, Lubica"]
[Black "Zacik, Anton"]
[Result "0-1"]
[WhiteElo "2057"]
[BlackElo "2113"]
[PlyCount "62"]
[EventDate "2002.??.??"]

1. e4 c5 2. Nf3 Nc6 3. d4 cxd4 4. Nxd4 Nf6 5. Nc3 e5 6. Nb3 Bb4 7. f3 d5 8. Bd2
dxe4 9. a3 Bxc3 10. Bxc3 Qxd1+ 11. Rxd1 exf3 12. gxf3 O-O 13. Bd3 Be6 14. Rg1
Nd5 15. Bd2 Nf4 16. Nc5 Nxd3+ 17. Nxd3 Bf5 18. Bh6 Bg6 19. Be3 b6 20. Kf2 Rfd8
21. b3 f6 22. Nb2 Ne7 23. c4 Nf5 24. Bc1 Nd4 25. b4 Bh5 26. Rd3 Bg6 27. Rdd1
Rac8 28. f4 Bh5 29. Rd3 Ne2 30. Rgd1 Rxd3 31. Rxd3 Nxc1 0-1

[Event "SR 2. liga A 2002/2003"]
[Site "?"]
[Date "2002.11.09"]
[Round "3.7"]
[White "Antala, Jan"]
[Black "Bilovsky, Milan"]
[Result "0-1"]
[WhiteElo "1907"]
[BlackElo "1877"]
[PlyCount "52"]
[EventDate "2002.??.??"]

1. e4 c5 2. Nf3 Nc6 3. d4 cxd4 4. c3 dxc3 5. Nxc3 d6 6. Bc4 Nf6 7. Ng5 Ne5 8.
Bb5+ Bd7 9. f4 Ng6 10. Qb3 e6 11. f5 h6 12. fxe6 hxg5 13. exd7+ Nxd7 14. O-O
Nge5 15. Bxd7+ Qxd7 16. Bxg5 Be7 17. Bf4 O-O 18. Rad1 Ng6 19. Bg3 Qc6 20. Nd5
Rac8 21. Nxe7+ Nxe7 22. Bxd6 Qxe4 23. Rfe1 Qg6 24. Bxe7 Rc2 25. Qxb7 Qf5 26.
Rd8 Qf2+ 0-1

[Event "SR 2. liga A 2002/2003"]
[Site "?"]
[Date "2002.11.09"]
[Round "3.7"]
[White "Dzavik, Jozef"]
[Black "Fidericky, Milan"]
[Result "1-0"]
[WhiteElo "1997"]
[BlackElo "1806"]
[PlyCount "45"]
[EventDate "2002.??.??"]

1. e4 e5 2. Nf3 Nf6 3. Nxe5 d6 4. Nf3 Nxe4 5. d4 d5 6. Bd3 Be7 7. h3 O-O 8. O-O
Nd7 9. Re1 f5 10. c4 c6 11. cxd5 cxd5 12. Qb3 Ndf6 13. Nc3 Kh8 14. Bf4 Nxc3 15.
bxc3 Bd6 16. Bxd6 Qxd6 17. Re5 g6 18. Rae1 Rf7 19. c4 b6 20. Ng5 Rc7 21. cxd5
a6 22. a4 Bd7 23. Nf7+ 1-0

[Event "SR 2. liga A 2002/2003"]
[Site "?"]
[Date "2002.11.09"]
[Round "3.7"]
[White "Hrncar, Lubomir"]
[Black "Palka, Miroslav"]
[Result "0-1"]
[WhiteElo "2011"]
[BlackElo "2016"]
[PlyCount "118"]
[EventDate "2002.??.??"]

1. e4 c5 2. Nf3 d6 3. d4 cxd4 4. Nxd4 Nf6 5. Nc3 g6 6. Be2 Bg7 7. Be3 O-O 8.
O-O Nc6 9. f4 Bd7 10. Nxc6 Bxc6 11. Bf3 Qa5 12. Rb1 a6 13. a4 Qb4 14. Qd4 Qxd4
15. Bxd4 Rfe8 16. b4 e5 17. fxe5 dxe5 18. Be3 b5 19. a5 Red8 20. Rfd1 Bf8 21.
Nd5 Nxd5 22. exd5 Bb7 23. Bc5 Rac8 24. d6 Bxf3 25. gxf3 Rc6 26. Rd5 Bxd6 27.
Bb6 Re8 28. c3 Bf8 29. Bc5 Bxc5+ 30. bxc5 Rec8 31. Rd6 Rxd6 32. cxd6 Rd8 33. c4
bxc4 34. Rb6 c3 35. Rxa6 c2 36. Rc6 Rxd6 37. Rxc2 Rd1+ 38. Kf2 Ra1 39. Rc5 f6
40. Ke3 Ra4 41. Kd3 Kg7 42. Kc3 Ra3+ 43. Kb4 Rxf3 44. a6 Rd3 45. Rc8 Rd7 46.
Rb8 Kh6 47. Rb7 Rd8 48. a7 Ra8 49. Kc5 f5 50. Kd5 e4 51. Kd4 Rd8+ 52. Ke3 Rd3+
53. Ke2 Ra3 54. h4 Kh5 55. Rxh7+ Kg4 56. Rg7 Kf4 57. Rxg6 Ra2+ 58. Ke1 Rxa7 59.
h5 Kf3 0-1

[Event "SR 2. liga A 2002/2003"]
[Site "?"]
[Date "2002.11.09"]
[Round "3.7"]
[White "Janecek, Jan"]
[Black "Slamena, Michal"]
[Result "1-0"]
[WhiteElo "1982"]
[BlackElo "1768"]
[PlyCount "63"]
[EventDate "2002.??.??"]

1. d4 Nf6 2. Nf3 c5 3. e3 e6 4. c4 cxd4 5. exd4 Bb4+ 6. Bd2 Bxd2+ 7. Nbxd2 O-O
8. Bd3 d5 9. c5 b6 10. b4 a5 11. a3 axb4 12. axb4 Rxa1 13. Qxa1 Nc6 14. Qa4 Bd7
15. b5 Ne7 16. c6 Bc8 17. O-O Nh5 18. Qc2 f5 19. Ne5 Nf4 20. Ndf3 h6 21. g3
Nfg6 22. Ra1 Nxe5 23. Nxe5 f4 24. g4 f3 25. Ra7 Nf5 26. Nxf3 Nxd4 27. Nxd4 e5
28. Bh7+ Kh8 29. Qg6 Qf6 30. Qxf6 Rxf6 31. Bf5 exd4 32. Bxc8 1-0

[Event "SR 2. liga A 2002/2003"]
[Site "?"]
[Date "2002.11.09"]
[Round "3.7"]
[White "Mihalik, Anton"]
[Black "Stefan, Oldrich"]
[Result "1-0"]
[WhiteElo "1939"]
[BlackElo "2050"]
[PlyCount "77"]
[EventDate "2002.??.??"]

1. e4 c5 2. Nc3 Nc6 3. g3 g6 4. Bg2 Bg7 5. d3 e6 6. f4 Nge7 7. Nge2 d5 8. O-O
O-O 9. Qe1 d4 10. Nb1 e5 11. Nd2 f6 12. Nf3 Be6 13. h3 Rc8 14. Kh2 Nb4 15. Qd1
c4 16. Ne1 Qc7 17. Bd2 Qb6 18. a3 Na6 19. Rb1 Nc5 20. dxc4 Bxc4 21. b3 d3 22.
cxd3 Bxd3 23. Nxd3 Nxd3 24. Nc1 Rfd8 25. Qe2 Qd4 26. Be3 Nxc1 27. Rfxc1 Qd3 28.
Qxd3 Rxd3 29. Bc5 Nc6 30. Bf1 Rd2+ 31. Kg1 Bh6 32. Be3 Rd7 33. b4 Rdc7 34. Bc4+
Kg7 35. Be6 Re8 36. Bd5 a6 37. a4 Rd7 38. Bxc6 bxc6 39. Rxc6 {
cierny prekrocil cas} 1-0

[Event "SR 2. liga A 2002/2003"]
[Site "?"]
[Date "2002.11.09"]
[Round "3.7"]
[White "Slovik, Vojtech"]
[Black "Bukovsky, Milan"]
[Result "1-0"]
[WhiteElo "2030"]
[BlackElo "2056"]
[PlyCount "99"]
[EventDate "2002.??.??"]

1. e4 e5 2. Nf3 Nc6 3. Bb5 Nf6 4. Nc3 Bb4 5. Qe2 Qe7 6. Nd5 Nxd5 7. exd5 Nd4 8.
Nxd4 exd4 9. Qxe7+ Kxe7 10. O-O Re8 11. a3 Bd6 12. Re1+ Kf8 13. Rxe8+ Kxe8 14.
b4 a5 15. Bb2 axb4 16. Bxd4 Kf8 17. a4 Ra5 18. Bc4 c6 19. Bb6 Ra8 20. a5 c5 21.
d4 cxd4 22. Bxd4 f6 23. Bd3 Be5 24. Bxe5 fxe5 25. Bxh7 b6 26. a6 Rxa6 27. Rxa6
Bxa6 28. d6 Kf7 29. Bf5 Bb5 30. h4 Kf6 31. g4 g6 32. Be4 Be2 33. g5+ Kf7 34.
Bd5+ Kf8 35. f3 b5 36. Kf2 Bc4 37. Be4 Kf7 38. Ke3 b3 39. cxb3 Bxb3 40. Kd3
Bc4+ 41. Kc3 Ba2 42. Kb4 Bc4 43. Kc5 Kg7 44. Bb7 Kf7 45. Be4 Kg7 46. Bc6 Be6
47. Bxb5 Kf8 48. Bd3 Kf7 49. Be4 Bh3 50. Kd5 1-0

[Event "SR 2. liga A 2002/2003"]
[Site "?"]
[Date "2002.11.09"]
[Round "3.8"]
[White "Hertel, Ondrej"]
[Black "Granec, S."]
[Result "1-0"]
[WhiteElo "1714"]
[BlackElo "1953"]
[PlyCount "107"]
[EventDate "2002.??.??"]

1. d4 d6 2. c4 g6 3. e4 Bg7 4. Nc3 c6 5. Be3 Qc7 6. Rc1 Nf6 7. f3 O-O 8. Bd3 a5
9. Nge2 Na6 10. a3 Bd7 11. O-O Rfd8 12. Qc2 e5 13. d5 h5 14. Rfd1 h4 15. Qd2
Kh7 16. Qe1 h3 17. Qh4+ Kg8 18. Bg5 Nh7 19. Bxd8 Rxd8 20. Rc2 hxg2 21. Kxg2 Bf6
22. Qf2 Nc5 23. b4 Nb3 24. Rb1 Nd4 25. Nxd4 exd4 26. Ne2 axb4 27. axb4 c5 28.
bxc5 dxc5 29. Rcb2 Bc8 30. f4 Qd7 31. Qg3 Qe7 32. e5 Bh4 33. d6 Rxd6 34. exd6
Qd8 35. Qf3 Nf6 36. h3 Kg7 37. Ng3 Qd7 38. Ne4 Nh5 39. Rh1 Qf5 40. Rf2 Bd7 41.
Ng3 Nxf4+ 42. Qxf4 Bc6+ 43. Kh2 Bxg3+ 44. Qxg3 Qe6 45. Rhf1 Be8 46. Bf5 Qxc4
47. d7 Bxd7 48. Bxd7 f5 49. Bxf5 Qa6 50. Qxg6+ Qxg6 51. Bxg6 Kxg6 52. Rg1+ Kh6
53. Rf4 Kh5 54. Rf8 1-0

[Event "SR 2. liga A 2002/2003"]
[Site "?"]
[Date "2002.11.09"]
[Round "3.8"]
[White "Jozefovic, Milan"]
[Black "Jurcak, Marian"]
[Result "1-0"]
[WhiteElo "1350"]
[BlackElo "1847"]
[PlyCount "121"]
[EventDate "2002.??.??"]

1. e4 c6 2. d4 d5 3. Nc3 dxe4 4. Nxe4 Nd7 5. Nf3 Ngf6 6. Bd3 Nxe4 7. Bxe4 Nf6
8. Bd3 Bg4 9. Be2 e6 10. O-O Bd6 11. Ne5 Bxe2 12. Qxe2 Qc7 13. Bf4 Nd5 14. Bg3
O-O-O 15. c3 h5 16. Nc4 Bxg3 17. fxg3 Rde8 18. Ne5 f6 19. Ng6 Rh6 20. c4 Nb6
21. Nf4 Qf7 22. b3 e5 23. Rae1 Rhh8 24. dxe5 Rxe5 25. Qc2 Rhe8 26. Qf2 Rxe1 27.
Rxe1 Rxe1+ 28. Qxe1 g5 29. Qe6+ Qxe6 30. Nxe6 Nd7 31. h4 g4 32. Nf4 Kd8 33.
Nxh5 Ke7 34. Nf4 Nc5 35. Ne2 a5 36. Kf2 f5 37. Ke3 Kf6 38. Kd4 Ne6+ 39. Kc3 Ke5
40. a3 Ke4 41. Kd2 Nc5 42. b4 axb4 43. axb4 Ne6 44. c5 Nc7 45. Nf4 Ke5 46. Ke3
Ne8 47. Nd3+ Kf6 48. Kd4 Ng7 49. Nf4 Ne8 50. Nd3 Nc7 51. Nf4 Ne8 52. Kc4 Nc7
53. Kb3 Nb5 54. Ka4 Nc3+ 55. Ka5 Ne4 56. Ne2 Ke5 57. Kb6 Kd5 58. Kxb7 Nf6 59.
Nf4+ Kc4 60. Kxc6 Kxb4 61. Nd5+ 1-0

[Event "SR 2. liga A 2002/2003"]
[Site "?"]
[Date "2002.11.09"]
[Round "3.8"]
[White "Karlik, Lubomir"]
[Black "Mihalik, Milan"]
[Result "1-0"]
[WhiteElo "1797"]
[BlackElo "2084"]
[PlyCount "51"]
[EventDate "2002.??.??"]

1. d4 Nf6 2. c4 g6 3. Nc3 Bg7 4. e4 d6 5. f3 O-O 6. Bg5 c5 7. d5 Na6 8. Qd2 Nc7
9. g4 a6 10. h4 h5 11. Bxf6 exf6 12. gxh5 gxh5 13. Bd3 Qe7 14. Nge2 Kh7 15. e5+
f5 16. exd6 Qxd6 17. Qg5 Qe5 18. Qxh5+ Bh6 19. f4 Qf6 20. O-O-O Qg6 21. Qf3 Bd7
22. Rde1 Qd6 23. Qh5 b5 24. Bxf5+ Bxf5 25. Qxf5+ Kh8 26. Ne4 1-0

[Event "SR 2. liga A 2002/2003"]
[Site "?"]
[Date "2002.11.09"]
[Round "3.8"]
[White "Mosny, Jaroslav"]
[Black "Cseto, Jan"]
[Result "1-0"]
[WhiteElo "2060"]
[BlackElo "1956"]
[PlyCount "61"]
[EventDate "2002.??.??"]

1. d4 d5 2. c4 e6 3. Nc3 c5 4. e3 Nf6 5. Nf3 Nc6 6. Be2 dxc4 7. Bxc4 a6 8. a4
Bd7 9. O-O Qb6 10. d5 Na5 11. b3 exd5 12. Bxd5 Be6 13. e4 Rd8 14. Bg5 Be7 15.
Qe2 O-O 16. Rfe1 Rfe8 17. Rad1 h6 18. Bf4 Bxd5 19. Nxd5 Nxd5 20. exd5 Bd6 21.
Qxe8+ Rxe8 22. Rxe8+ Kh7 23. Bxd6 Qxd6 24. Re3 g6 25. Ne5 Kg7 26. Nc4 Qd8 27.
Nxa5 Qxa5 28. d6 c4 29. d7 c3 30. d8=Q c2 31. Qd4+ 1-0

[Event "SR 2. liga A 2002/2003"]
[Site "?"]
[Date "2002.11.09"]
[Round "3.8"]
[White "Zisek, Jaroslav"]
[Black "Pospichal, Karol"]
[Result "0-1"]
[WhiteElo "1732"]
[BlackElo "1827"]
[PlyCount "76"]
[EventDate "2002.??.??"]

1. c4 Nf6 2. Nc3 g6 3. d4 Bg7 4. e4 d6 5. Nf3 O-O 6. Be2 e5 7. dxe5 dxe5 8.
Qxd8 Rxd8 9. Bg5 Re8 10. Nd5 Nxd5 11. cxd5 c6 12. Rd1 cxd5 13. Bb5 Bd7 14. Rxd5
Bxb5 15. Rxb5 b6 16. O-O Nc6 17. Rd1 f6 18. Be3 Red8 19. Rxd8+ Rxd8 20. Kf1 Kf7
21. Ke2 Ke6 22. a3 Na5 23. Bd2 Nc4 24. Rb4 Nxd2 25. Nxd2 Bh6 26. Nb1 Rc8 27.
Nc3 Bf8 28. Rb3 f5 29. f3 Rc4 30. Rb5 Bxa3 31. bxa3 Rxc3 32. a4 Rc2+ 33. Kf1
Rc4 34. exf5+ gxf5 35. a5 Rc5 36. Rxc5 bxc5 37. Ke2 Kd5 38. Kd3 e4+ 0-1

[Event "SR 2. liga A 2002/2003"]
[Site "?"]
[Date "2002.11.10"]
[Round "4.1"]
[White "Abel, Peter"]
[Black "Duriga, Stefan"]
[Result "0-1"]
[WhiteElo "2218"]
[BlackElo "2221"]
[PlyCount "58"]
[EventDate "2002.??.??"]

1. c4 Nf6 2. Nc3 d5 3. cxd5 Nxd5 4. g3 c5 5. Bg2 Nc7 6. d3 Nc6 7. Be3 e5 8. Nh3
Be7 9. Qd2 O-O 10. O-O Rb8 11. f4 b6 12. Bxc6 Bxh3 13. Rf2 exf4 14. Bxf4 Bd6
15. Be4 Bxf4 16. Rxf4 Be6 17. Rd1 Qe7 18. d4 cxd4 19. Qxd4 Rbd8 20. Qe3 Rxd1+
21. Nxd1 Rd8 22. Nc3 Qd6 23. Bd3 h6 24. a3 Nd5 25. Nxd5 Qxd5 26. Rc4 Bh3 27.
Re4 f5 28. Re8+ Kh7 29. Bxf5+ Qxf5 0-1

[Event "SR 2. liga A 2002/2003"]
[Site "?"]
[Date "2002.11.10"]
[Round "4.1"]
[White "Banas, Jan"]
[Black "Bezuch, Martin"]
[Result "0-1"]
[WhiteElo "2373"]
[BlackElo "2241"]
[PlyCount "66"]
[EventDate "2002.??.??"]

1. c4 e5 2. Nc3 Nf6 3. Nf3 Nc6 4. e3 Bb4 5. Qb3 Bxc3 6. Qxc3 Qe7 7. d3 d5 8.
Be2 O-O 9. cxd5 Nxd5 10. Qc2 Ndb4 11. Qb1 Bf5 12. e4 Bg4 13. a3 Na6 14. Be3
Rad8 15. b4 Bxf3 16. Bxf3 Nd4 17. Bd1 c5 18. b5 Nc7 19. b6 Nce6 20. bxa7 b5 21.
Bb3 Qxa7 22. Bxe6 fxe6 23. O-O Qa4 24. Qb2 Rf7 25. Rab1 Ra7 26. Rfd1 Rda8 27.
Bxd4 exd4 28. f4 Rb7 29. Ra1 Rd7 30. g3 c4 31. dxc4 bxc4 32. Rxd4 Qa7 33. Rad1
Rad8 0-1

[Event "SR 2. liga A 2002/2003"]
[Site "?"]
[Date "2002.11.10"]
[Round "4.1"]
[White "Cvicela, Anton"]
[Black "Kleman, Miroslav"]
[Result "1-0"]
[WhiteElo "2156"]
[BlackElo "2207"]
[PlyCount "43"]
[EventDate "2002.??.??"]

1. e4 d6 2. d4 e5 3. Nf3 Nc6 4. Nc3 exd4 5. Nxd4 g6 6. Be3 Bg7 7. Qd2 Nge7 8.
O-O-O O-O 9. h4 h5 10. Be2 Nxd4 11. Bxd4 Nc6 12. Bxg7 Kxg7 13. Nd5 f5 14. exf5
Rxf5 15. Qc3+ Kh7 16. g4 Re5 17. gxh5 gxh5 18. Rhg1 Qf8 19. f4 Rxd5 20. Rxd5
Qxf4+ 21. Kb1 Ne5 22. Qxc7+ 1-0

[Event "SR 2. liga A 2002/2003"]
[Site "?"]
[Date "2002.11.10"]
[Round "4.1"]
[White "Harasta, Vladimir"]
[Black "Tibensky, Robert"]
[Result "1/2-1/2"]
[WhiteElo "2190"]
[BlackElo "2446"]
[PlyCount "114"]
[EventDate "2002.??.??"]

1. c4 Nf6 2. Nc3 g6 3. e4 d6 4. d4 Bg7 5. Nf3 O-O 6. Be2 c5 7. O-O Nc6 8. d5
Na5 9. a3 b6 10. Rb1 e5 11. b4 Nb7 12. Ne1 Ne8 13. Nd3 f5 14. Bd2 Nf6 15. f3 f4
16. bxc5 bxc5 17. Nf2 g5 18. g4 fxg3 19. hxg3 Nd7 20. Qc1 h6 21. Ncd1 Rf7 22.
Kg2 Nf8 23. Rh1 Qf6 24. Ne3 Nd8 25. Rh5 Qg6 26. Qh1 Re7 27. Qh2 Nf7 28. Bd1 Nh7
29. Nfg4 Nf6 30. Nxf6+ Qxf6 31. Ba4 Rb7 32. Rxb7 Bxb7 33. Qg1 Rb8 34. Rh1 Bc8
35. Qa1 Ba6 36. Rb1 Rf8 37. Nf5 Bc8 38. g4 h5 39. Rb8 Nh6 40. Bd1 Bxf5 41.
Rxf8+ Bxf8 42. exf5 hxg4 43. fxg4 Qe7 44. Qc1 Nf7 45. Bc2 e4 46. Qe1 Bg7 47.
Qxe4 Ne5 48. Bc3 Bf6 49. Bxe5 Bxe5 50. f6 Qxf6 51. Qg6+ Qxg6 52. Bxg6 Kf8 53.
Kf3 Bb2 54. a4 Ke7 55. Ke4 Kd8 56. Kd3 Bg7 57. Kc2 a5 1/2-1/2

[Event "SR 2. liga A 2002/2003"]
[Site "?"]
[Date "2002.11.10"]
[Round "4.1"]
[White "Meszaros, Michal"]
[Black "Flasik, Radoslav"]
[Result "1-0"]
[WhiteElo "2327"]
[BlackElo "2254"]
[PlyCount "141"]
[EventDate "2002.??.??"]

1. e4 c5 2. Nf3 Nc6 3. d4 cxd4 4. Nxd4 e5 5. Nb5 d6 6. c4 Be6 7. N1c3 a6 8. Na3
Be7 9. Be3 Bg5 10. Nc2 Rc8 11. Be2 Bxe3 12. Nxe3 Nf6 13. O-O O-O 14. Qd2 Qa5
15. Rfd1 Nd4 16. Bf1 Kh8 17. f3 Qc5 18. Rac1 Qa7 19. Kh1 h6 20. Ne2 Nxe2 21.
Bxe2 Rfd8 22. g4 b5 23. b3 Qb7 24. Kg2 bxc4 25. bxc4 Rb8 26. c5 d5 27. c6 Qc7
28. exd5 Nxd5 29. Nxd5 Rxd5 30. Qxd5 Bxd5 31. Rxd5 Rb2 32. Rd7 Qc8 33. Kf1 Kh7
34. c7 Qxd7 35. c8=Q Qxc8 36. Rxc8 Rxa2 37. Ra8 a5 38. h4 a4 39. h5 g6 40. Ra7
Kg7 41. Bc4 Ra1+ 42. Kg2 gxh5 43. gxh5 Kf6 44. Rxf7+ Kg5 45. Be6 Rc1 46. Kg3
Kxh5 47. Rf5+ Kg6 48. Rxe5 Rc6 49. Bf5+ Kf6 50. Ra5 a3 51. Kf4 Rc3 52. Ra6+ Kg7
53. Rg6+ Kf7 54. Rxh6 Rc4+ 55. Kg5 Ra4 56. Rh7+ Kg8 57. Rh2 Kg7 58. Be6 Ra5+
59. Kg4 Kf6 60. Ba2 Ra7 61. Rh6+ Kg7 62. Re6 Ra5 63. f4 Ra4 64. Kg5 Ra5+ 65.
Re5 Ra6 66. f5 Rb6 67. Re7+ Kf8 68. Ra7 Rb2 69. Rxa3 Rb6 70. Ra7 Rd6 71. Be6
1-0

[Event "SR 2. liga A 2002/2003"]
[Site "?"]
[Date "2002.11.10"]
[Round "4.2"]
[White "Dorica, Igor"]
[Black "Minich, Peter"]
[Result "1/2-1/2"]
[WhiteElo "2263"]
[BlackElo "2212"]
[PlyCount "73"]
[EventDate "2002.??.??"]

1. d4 f5 2. Nc3 Nf6 3. Bg5 e6 4. e4 fxe4 5. Nxe4 Be7 6. Bd3 Nxe4 7. Bxe7 Qxe7
8. Bxe4 Nc6 9. c3 d5 10. Qh5+ Qf7 11. Qxf7+ Kxf7 12. Bf3 Re8 13. O-O-O b5 14.
Ne2 a5 15. Nf4 Ne7 16. Rhe1 c6 17. Nd3 Kf6 18. Bh5 g6 19. Bg4 h5 20. Bf3 Nf5
21. Ne5 Ra6 22. Be2 Nd6 23. f4 Rb6 24. Bd3 Rg8 25. Re3 b4 26. Rg3 bxc3 27. bxc3
g5 28. fxg5+ Rxg5 29. Rf1+ Nf5 30. Bxf5 exf5 31. Rxg5 Kxg5 32. g3 a4 33. h4+
Kf6 34. Rf2 a3 35. Nd3 Be6 36. Rf1 Rb8 37. Kc2 1/2-1/2

[Event "SR 2. liga A 2002/2003"]
[Site "?"]
[Date "2002.11.10"]
[Round "4.2"]
[White "Janos, Martin"]
[Black "Lahucky, Pavol"]
[Result "1/2-1/2"]
[WhiteElo "2175"]
[BlackElo "2165"]
[PlyCount "84"]
[EventDate "2002.??.??"]

1. e4 e5 2. Nf3 Nc6 3. Bc4 Nf6 4. Nc3 Bc5 5. O-O O-O 6. d3 h6 7. a3 d6 8. Na4
Bb6 9. c3 Na5 10. Ba2 c5 11. h3 Bc7 12. c4 Nc6 13. Nc3 Ne8 14. Nd5 f5 15. b4
Nf6 16. Qe2 f4 17. Bb2 b6 18. Bb3 Ne7 19. Kh2 Nexd5 20. cxd5 Kh7 21. Rh1 g5 22.
Kg1 Qe8 23. Qc2 Qg6 24. Kf1 Bd7 25. a4 a5 26. bxc5 bxc5 27. Qc3 Rac8 28. Bd1
Qf7 29. Nh2 Bd8 30. Qc2 Qg6 31. Ng4 Nxg4 32. Bxg4 Bxg4 33. hxg4 Rb8 34. Ke2 Qf7
35. f3 Qa7 36. Bc1 Rf7 37. Bd2 Kg6 38. Rhb1 Rfb7 39. Qc1 Qa6 40. Rxb7 Qxb7 41.
Qh1 Kg7 42. Qh2 Bc7 1/2-1/2

[Event "SR 2. liga A 2002/2003"]
[Site "?"]
[Date "2002.11.10"]
[Round "4.2"]
[White "Lauf, Pavol"]
[Black "Machalova, Maria"]
[Result "0-1"]
[WhiteElo "2135"]
[BlackElo "2124"]
[PlyCount "68"]
[EventDate "2002.??.??"]

1. c4 e5 2. Nc3 Nc6 3. g3 d6 4. Bg2 f5 5. d3 Nf6 6. Nf3 g6 7. O-O Bg7 8. Rb1 a5
9. e4 O-O 10. Be3 Nh5 11. exf5 Bxf5 12. Nh4 Be6 13. Nf3 h6 14. Nh4 Qe8 15. Nd5
Rc8 16. Be4 Bf5 17. Bg2 Nf6 18. Nxf6+ Rxf6 19. Qd2 Kh7 20. Nxf5 gxf5 21. Rbe1
Qh5 22. f4 Re8 23. Bxc6 bxc6 24. Qg2 e4 25. Bd2 Rfe6 26. dxe4 Rxe4 27. Rxe4
Rxe4 28. Bxa5 Re2 29. Rf2 Bd4 30. Qxc6 Re7 31. Kg2 Bxf2 32. Bxc7 Bc5 33. Bd8
Re2+ 34. Kf1 Rf2+ 0-1